Sociology: (Record no. 198580)

MARC details
000 -LEADER
fixed length control field 00674nam a22001697a 4500
005 - DATE AND TIME OF LATEST TRANSACTION
control field 20230927113727.0
020 ## - INTERNATIONAL STANDARD BOOK NUMBER
International Standard Book Number 97881212910361
Terms of availability 825.00
082 ## - DEWEY DECIMAL CLASSIFICATION NUMBER
Classification number 301
Edition number Third
100 ## - MAIN ENTRY--PERSONAL NAME
Personal name Rao, C N Shankar
245 ## - TITLE STATEMENT
Title Sociology:
Remainder of title Principles of Sociology with an Introduction to Sociological Thought/
Statement of responsibility, etc by C N Shankar Rao
250 ## - EDITION STATEMENT
Edition statement Third
260 ## - PUBLICATION, DISTRIBUTION, ETC. (IMPRINT)
Place of publication, distribution, etc New Delhi
Name of publisher, distributor, etc S Chand and Company Limited
Date of publication, distribution, etc 2021
270 ## - ADDRESS
Address Block B-1, House No D-1, Ground Floor, Mohan Co-operative Industrial Estate
City New Delhi
Postal code 110044
Electronic mail address info@schandpublishing.com
300 ## - PHYSICAL DESCRIPTION
Extent 786p.
Dimensions 26cm(pbk)
942 ## - ADDED ENTRY ELEMENTS (KOHA)
Source of classification or shelving scheme Dewey Decimal Classification
Item type English Books
Classification part 301
Call number suffix RAO
Holdings
Withdrawn status Lost status Not for loan Collection code Home library Current library Date acquired Source of acquisition Cost, normal purchase price Full call number Barcode Copy number Cost, replacement price Koha item type
      Non-fiction Mobile Library Mobile Library 27/09/2023 GIFT/4.09.23 825.00 301 RAO B-755900 1 825.00 English Books

© Delhi Public Library
Hit Counter
free hit counter